Bloques económicos /
Estudio que trata sobre el fenómeno de la integración económica en el mundo, donde el autor parte de sus antecendentes históricos, luego esboza sus fundamentos teóricos para luego profundizar en los procesos de integración económica de la Unión Europea, América Latina y El Caribe, América del Norte,...
Spremljeno u:
| Glavni autor: | |
|---|---|
| Autor kompanije: | |
| Format: | Izvještaj sastanka Knjiga |
| Jezik: | španjolski |
| Izdano: |
México :
UNAM, Facultad de Economía,
2006, c2006
|
| Teme: | |
| Oznake: |
Bez oznaka, Budi prvi tko označuje ovaj zapis!
|
MARC
| LEADER | 00000nam^a2200000^a^4500 | ||
|---|---|---|---|
| 001 | 000409247 | ||
| 005 | 20250521000000.0 | ||
| 009 | 20260526143858.844 | ||
| 037 | |a Acervo ITESO - Biblioteca | ||
| 041 | |a ESP | ||
| 082 | |a 337. 1 |b GAZ | ||
| 100 | |a Gazol Sánchez, Antonio |e (autor) | ||
| 245 | 1 | 0 | |a Bloques económicos / |c A. Gazol Sánchez. |
| 264 | 4 | |a México : |b UNAM, Facultad de Economía, |c 2006, c2006 | |
| 300 | |a 532 p. | ||
| 336 | |a texto |b txt |2 rdacontenido | ||
| 337 | |a sin mediación |b n |2 rdamedio | ||
| 338 | |a volumen |b nc |2 rdasoporte | ||
| 520 | |a Estudio que trata sobre el fenómeno de la integración económica en el mundo, donde el autor parte de sus antecendentes históricos, luego esboza sus fundamentos teóricos para luego profundizar en los procesos de integración económica de la Unión Europea, América Latina y El Caribe, América del Norte, Asia y Africa. | ||
| 649 | |a XX | ||
| 650 | |a Apertura Comercial e Integración Económica - |x Historia | ||
| 650 | |a Apertura Comercial e Integración Económica - |x Teoría | ||
| 650 | |a Apertura Comercial e Integración Económica - |x Tema Principal | ||
| 650 | |a Bloques Económicos - |x Tema Principal | ||
| 650 | |a Economía Internacional | ||
| 711 | |a Cátedra Extraordinaria Maestro Octaviano Campos Salas | ||
| 910 | |a Fondo General | ||
| 920 | |a Impresos - Libros | ||
| 930 | |a Colección General | ||
| 905 | |a 101 | ||
| 901 | |a 0500317749 |b IT1 |c ACC |i D103810 |u 20250521 | ||
| 902 | |a https://opac.biblio.iteso.mx/vufind/Record/000409247 | ||